000 00666nam a2200241Ia 4500
003 OSt
005 20220918223708.0
006 a|||||r|||| 00| 0
007 ta
008 220917b |||||||| |||| 00| 0 eng d
024 _a224,805
037 _cTextual
040 _aARTS
_cARTS
_beng
041 _2eng
_aeng
082 _aO111,2J64:g, P5
100 _aLeggatt Alexander
245 0 _aShakespears's tragedies
_b Violation and identity
260 _aU.K.
_bCambridge Univ. press
_c2005
300 _aix, 228p
_ccm.
650 _aENGLISH LITERATURE
942 _hO111,2J64:g, P5
_cTEXL
_2CC
999 _c279239
_d279239